Leadership as emotional labour : management and the "managed heart" /

Bibliographic Details
Corporate Author: ebrary, Inc
Other Authors: Iszatt-White, Marian
Format: eBook
Language:English
Published: Abingdon, Oxon ; New York, N.Y. : Routledge, 2012.
Series:Management, organizations and society (London, England) ; v. 20.
Subjects:
Online Access:Connect to the full text of this electronic book

MARC

Tag First Indicator Second Indicator Subfields
LEADER 00000cam a2200000 a 4500
001 in00002786022
006 m o d
007 cr cn|||||||||
008 120302s2012 enka ob 001 0 eng d
005 20250816205804.8
010 |z  2012008507 
020 |z 9780415674355 (hbk.) 
020 |z 9780203098400 (e-book) 
035 |a (CaPaEBR)ebr10611715 
040 |a CaPaEBR  |c CaPaEBR  |d UtOrBLW 
050 1 4 |a HD57.7  |b .L43164 2012eb 
082 0 4 |a 658.4/092  |2 23 
245 0 0 |a Leadership as emotional labour :  |b management and the "managed heart" /  |c edited by Marian Iszatt-White. 
264 1 |a Abingdon, Oxon ;  |a New York, N.Y. :  |b Routledge,  |c 2012. 
300 |a 1 online resource (x, 240 pages) :  |b illustrations 
336 |a text  |b txt  |2 rdacontent 
337 |a computer  |b c  |2 rdamedia 
338 |a online resource  |b cr  |2 rdacarrier 
490 1 |a Routledge studies in management, organizations, and society ;  |v 20 
504 |a Includes bibliographical references and index. 
500 |a Electronic resource. 
650 0 |a Leadership  |x Social aspects. 
650 0 |a Leadership  |x Psychological aspects. 
650 0 |a Management  |x Social aspects. 
650 0 |a Management  |x Psychological aspects. 
650 0 |a Emotions. 
650 0 |a Interpersonal relations. 
650 0 |a Organizational behavior  |x Social aspects. 
650 0 |a Service industries  |x Social aspects. 
655 7 |a Electronic books.  |2 local 
700 1 |a Iszatt-White, Marian. 
710 2 |a ebrary, Inc. 
830 0 |a Management, organizations and society (London, England) ;  |v v. 20. 
856 4 0 |u https://ebookcentral.proquest.com/lib/tamucs/detail.action?docID=1039269  |y Connect to the full text of this electronic book  |t 0 
980 |a 121106  |b 145  |c USD  |e 145  |f YBP_EBR0000046136  |g 1 
999 f f |s 58f01ace-ad1b-353a-af1c-636d4b7d52a1  |i 6ebcf6bf-53ba-3c33-8c8a-7906fceee92e  |t 0 
999 |a MARS 
952 f f |a Texas A&M University  |b College Station  |c Electronic Resources  |d Available Online  |t 0  |e HD57.7 .L43164 2012eb  |h Library of Congress classification 
998 f f |a HD57.7 .L43164 2012eb  |t 0  |l Available Online